Data mining and statistics for decision making

Salvato in:
Dettagli Bibliografici
Autore principale: Tufféry, Stéphane
Natura: Libro
Lingua:inglese
Pubblicazione: Chichester Wiley 2011
Serie:Wiley series in computational statistics
Soggetti:
Tags: Aggiungi Tag
Nessun Tag, puoi essere il primo ad aggiungerne!!

MARC

LEADER 00000nam a2200000 4500
001 0219287
005 20240312115541.8
020 |a 978-0-470-68829-8 
041 0 |a eng 
044 |a GB 
245 1 0 |a Data mining and statistics for decision making  |c Stéphane Tufféry ; translated by: Rod Riesco 
264 1 |a Chichester  |b Wiley  |c 2011 
300 |a 689 s. 
490 1 |a Wiley series in computational statistics 
830 0 |a Wiley series in computational statistics 
610 2 0 |a štatistika 
610 2 0 |a metódy štatistické 
610 2 0 |a zber dát 
610 2 0 |a analýzy 
610 2 0 |a modelovanie 
610 2 0 |a softvér 
610 2 0 |a klaster 
610 2 0 |a metódy prognostické 
610 2 0 |a tabuľky štatistické 
610 2 0 |a rozhodovanie 
100 1 |a Tufféry, Stéphane